000 00641nam a2200193 i 4500
001 171324
003 ES-MaACL
005 20250808062801.0
008 090511s1968 sp |||| | spa d
100 1 _aRoyo Marín, Antonio.
_9100232
245 1 3 _aLa Virgen María
_b: teología y espiritualidad marianas /
_cpor Antonio Royo Marín.
260 _aMadrid :
_b[La Editorial Católica],
_c1968.
300 _aXI, 517 p. ;
_c20 cm.
490 1 _aBiblioteca de autores cristianos ;
_v278
650 0 4 _aMariología.
_914794
830 0 0 _aBiblioteca de autores cristianos
_v278
_9178679
852 _aES-MaACL
_jJ-272
999 _c171324
_d171324